000 00561nam a2200181Ia 4500
008 240729s9999 xx 000 0 und d
022 _a2332-7812
245 0 _aNeurology: Neuroimmunology & Neuroinflammation
260 _aUnited States
260 _bWolters Kluwer
650 _a Internal medicine
650 _a Neurology. Diseases of the nervous system
650 _a Neurosciences. Biological psychiatry. Neuropsychiatry
650 _aMedicine
856 _uhttps://doaj.org/toc/811723b950e44fa2bfcfc9080ea21cf4
942 _2ddc
942 _cDOAJEJ
999 _c70642
_d70642
945 _a1
_bMadushi Gamage
_c1
_dMadushi Gamage